Practical skills in environmental science /

Na minha lista:
Detalhes bibliográficos
Outros Autores: Duck, Rob, Jones, Allan, Weyers, Jonathans
Formato: Sách giấy
Idioma:English
Publicado em: London : Prentice-Hall, 2000
Tags: Adicionar Tag
Sem tags, seja o primeiro a adicionar uma tag!
Thư viện lưu trữ: Thư viện Trường Đại học Đà Lạt
LEADER 00644nam a2200265 4500
001 DLU020018492
005 ##9/24/2001
020 # # |a 978- 
041 # # |a eng 
082 # # |a 333.7  |b Pra 
245 # # |a Practical skills in environmental science /  |c Allan Jones, Rob Duck, Jonathans Weyers 
260 # # |a London :  |b Prentice-Hall,  |c 2000 
300 # # |a 290 tr., X;   |c 28 cm. 
700 # # |a Duck, Rob 
700 # # |a Jones, Allan 
700 # # |a Weyers, Jonathans 
992 # # |a 479939 
994 # # |a DLU 
900 # # |a False 
911 # # |a Administrator 
925 # # |a G 
926 # # |a A 
927 # # |a SH 
980 # # |a Thư viện Trường Đại học Đà Lạt